• 首页
  • 本馆介绍
  • 公告通知
  • 最新文献
  • 馆藏检索
  • 电子资源
  • 读者导购
  • 参考咨询
  • 我的图书馆
  • 登录
  • 详细信息显示
  • 放入我的书架
  • 预约/预借图书
  • 作者相关作品
  • 分类相关作品
  • 丛书相关作品
  • 出版社相关作品

书目信息

  • 表格格式
  • 工作单格式
  • 卡片格式
题名:
经济调整和再生产理论
    
 
作者: 林子力 著
分册:  
出版信息: 上海   上海人民出版社  1981.04
页数: 123页
开本: 19cm
丛书名:
单 册:
中图分类: F035
科图分类:
主题词: 资本主义社会--生产方式
电子资源:
ISBN:
000 00553nam0 2200193 45
001 0309091695
005 20060818153458.21
010    @dCNY0.36
091    @a4074.461
100    @a20030909d1981 km y0chiy0120 ea
101 0  @achi
200 1  @a经济调整和再生产理论@AJing Ji Diao Zheng He Zai Sheng Chan Li Lun@f林子力著@Flin zi li zhu
210    @a上海@c上海人民出版社@d1981.04
215    @a123页@d19cm
606 0  @a资本主义社会@x生产方式
690    @aF035@v3
701  0 @a林子力@Alin zi li@4著
801    @aCN@bTSTC@c20060818
905    @dF035@e12@f1@b64796
    
    经济调整和再生产理论/林子力著.-上海:上海人民出版社,1981.04
    123页;19cm
    
    
    ISBN :CNY0.36
    
●
相关链接 在E读中查询图书 在五车中查询图书 在当当中查询图书 在豆瓣中查询图书


正题名:经济调整和再生产理论     索取号:F035/12         预约/预借

序号 登录号 条形码 馆藏地/架位号 状态 备注
1 0064796   001270877   第一借阅区/ [索取号:F035/12] 在馆    
2 0064797   001813951   密集书库/ [索取号:F035/12] 在馆    
3 0064798   001270911   第一样本阅览室/ [索取号:F035/12] 在馆    
4 0426209   204262092   密集书库/ [索取号:F035/12] 在馆    
5 0426210   204262109   密集书库/ [索取号:F035/12] 在馆    
6 0441238   204412386   密集书库/ [索取号:F035/12] 在馆    
7 0441239   204412395   密集书库/ [索取号:F035/12] 在馆    
8 0465474   204654748   密集书库/ [索取号:F035/12] 在馆    
9 0465554   204655541   密集书库/ [索取号:F035/12] 在馆    
10 0469191   204691912   密集书库/ [索取号:F035/12] 在馆    
唐山师范学院图书馆 欢迎您!
大连网信软件有限公司© 版权所有